00539 2200205 4500001002100000005001700021008004100038020001800079035002400097090002100121100003400142245002500176250000600201260004000207300003200247650001800279700000600297850001500303999001500318YOGYA-021100000002502011020108165667 ind  a979-8628-30-6 0010-021100000000250 aDEP 808.02 SUD K aVero Sudiati, A. Widyamartaya aKiat dasar mengarang a- aYogyakartabPustaka Nusantarac1995 avii, 60 hlm.: ilus.; 20 cm. aKepengarangan a- aYOPDYOG[B] a97D0026708